Harry Potter Actors Click Quiz: Extreme - Statistics

General Stats
  • This quiz has been taken 601 times
    595 since last reset
  • The average score is 33 of 58
Answer Stats
Hint Answer % Correct
Rupert Grint Ron Weasley
89%
Tom Felton Draco Malfory
87%
Emma Watson Hermione Granger
87%
Maggie Smith Minerva McGonagall
87%
Alan Rickman Severus Snape
87%
Daniel Radcliffe Harry Potter
86%
Helena Bonham Carter Bellatrix Lestrange
85%
Robert Pattinson Cedric Diggory
83%
Bonnie Wright Ginny Weasley
78%
Evanna Lynch Luna Lovegood
78%
Ralph Fiennes Voldemort
78%
Gary Oldman Sirius Black
77%
Robbie Coltrane Rubeus Hagrid
76%
Matthew Lewis Neville Longbottom
74%
Emma Thompson Sybill Trelawney
74%
Katie Leung Cho Chang
73%
James Phelps Fred Weasley
72%
Clémence Poésy Fleur Delacour
71%
Jason Isaacs Lucius Malfoy
71%
Imelda Staunton Dolores Umbridge
68%
Julie Walters Molly Weasley
67%
Brendan Gleeson Alastor "Mad-Eye" Moody
66%
Helen McCrory Narcissa Malfory
64%
Oliver Phelps George Weasley
63%
David Thewlis Remus Lupin
60%
Natalia Tena Nymphadora Tonks
59%
Harry Melling Dudley Dursley
57%
Kenneth Branagh Gilderoy Lockhart
57%
Domhnall Gleeson Bill Weasley
56%
Fiona Shaw Petunia Dursley
56%
Miriam Margolyes Pomona Sprout
55%
Richard Griffiths Vernon Dursley
55%
Timothy Spall Peter Pettigrew
53%
Stanislav Ianevski Viktor Krum
53%
Jim Broadbent Horace Slughorn
51%
Frances de la Tour Olympe Maxime
51%
Zoë Wanamaker Rolanda Hooch
51%
Mark Williams Arthur Weasley
50%
Alfred Enoch Dean Thomas
47%
Toby Jones Dobby
46%
Predrag Bjelac Igor Karkaroff
46%
Miranda Richardson Rita Skeeter
45%
David Bradley Argus Filch
44%
Devon Murray Seamus Finnigan
43%
Rhys Ifans Xenophilius Lovegood
40%
Luke Youngblood Lee Jordan
36%
Sean Biggerstaff Oliver Wood
36%
Ian Hart Quirinus Quirrell
35%
Robert Hardy Cornelius Fudge
34%
Freddie Stroma Cormac McLaggen
33%
Chris Rankin Percy Weasley
33%
Dave Legeno Fenrir Greyback
32%
Joshua Herdman Gregory Goyle
32%
Jeff Rawle Amos Diggory
31%
Leslie Philipps The Sorting Hat
30%
Jamie Waylett Vincent Crabbe
30%
George Harris Kingsley Shacklebolt
29%
Guy Henry Pius Thicknesse
26%
No matching quizzes found
Score Distribution
Percent of People with Each Score
Percentile by Number Answered
Your Score History
You have not taken this quiz since the last reset